000 00779nam a22002657i 4500
003 DO-SdBNP
005 20250414141929.0
007 ta
008 250414b2024 |||||||| |||| 00| 0 eng d
020 _a9789945651379
040 _aDO-SdBNP
_bspa
_cBNPHU
_erda
041 _hspa
082 _axxx
_bC748
_222
100 1 _aDurá, Carmen
_eautor
_987447
111 _aCoferencia María Trinidad Sánchez,
_987448
245 0 _aTrayectoria Heroica de uan Dominicana insigne /
_cCarmen Durán
264 _aSanto Domingo :
_bTribunal Constitucional,
_c2024.
300 _a25 páginas :
336 _ardacontent
_btexto
_2txt
337 _ardamedia
_bsin mediación
_2n
338 _ardacarrier
_bvolumen
_2nc
590 _aInventariado, 2025/DG
910 _aDG
942 _2ddc
_cLF2
999 _c58352
_d58352